00983nam a2200265 i 45000010005000000030009000050050017000140080041000310200018000720800032000900800028001221000027001502450122001772500012002992600046003113000022003575000033003796000044004126500043004567000029004997000030005288520022005589990015005809520122005959707ES-MaACL20231227164415.0931129s1988 sp ||||1| spa d a84-03-91013-4 a32:929 Carrero Blanco, Luis a323.285(46)"1973.12.20"1 aFuente, Ismael.95283810aGolpe mortal : basesinato de Carrero y agonía del franquismo /cIsmael Fuente, Javier García y Joaquín Prieto. a5ª ed. aMadrid : bEl País : bAguilar, c1988. a341 p. ; c21 cm. aReimp., de la 1ª ed., 1983.14aCarrero Blanco, Luis,d1904-1973935700 4aAtentados políticos-zMadrid.9104041 aGarcía, Javier.9540381 aPrieto, Joaquín.993893 aES-MaACLjL-17254 c9707d9707 00104070aATENEOMbATENEOMcDEPO2d2008-01-17eSCl0oL-17254p1009906r2023-02-23 00:00:00w2023-02-23yMONOGRAFIA